Unit operations of chemical engineering (Record no. 3799)

000 -LEADER
fixed length control field 00652nam a2200241 a 4500
001 - CONTROL NUMBER
control field 3799
003 - CONTROL NUMBER IDENTIFIER
control field BD-DhUET
008 - FIXED-LENGTH DATA ELEMENTS--GENERAL INFORMATION
fixed length control field 850523s1985 nyua b 001 0 eng
020 ## - INTERNATIONAL STANDARD BOOK NUMBER
International Standard Book Number 0070448280
040 ## - CATALOGING SOURCE
Modifying agency BD-DhUET
Transcribing agency 0
082 0# - DEWEY DECIMAL CLASSIFICATION NUMBER
Classification number 660.2842
Item number MCC/1985
100 1# - MAIN ENTRY--PERSONAL NAME
Personal name McCabe, Warren L.
245 10 - TITLE STATEMENT
Title Unit operations of chemical engineering
250 ## - EDITION STATEMENT
Edition statement 4th ed.
260 ## - PUBLICATION, DISTRIBUTION, ETC. (IMPRINT)
Place of publication, distribution, etc. New York
Name of publisher, distributor, etc. McGraw-Hill
Date of publication, distribution, etc. 1985
300 ## - PHYSICAL DESCRIPTION
Extent x, 960 p.
Other physical details ill.
Dimensions 25 cm.
490 1# - SERIES STATEMENT
Series statement McGraw-Hill chemical engineering series
504 ## - BIBLIOGRAPHY, ETC. NOTE
Bibliography, etc Includes bibliographies
650 #0 - SUBJECT ADDED ENTRY--TOPICAL TERM
Topical term or geographic name as entry element Chemical Processer
700 1# - ADDED ENTRY--PERSONAL NAME
Personal name Smith, Julian C.
700 1# - ADDED ENTRY--PERSONAL NAME
Personal name Harriott, Peter.
942 ## - ADDED ENTRY ELEMENTS (KOHA)
Koha item type General Book
Holdings
Withdrawn status Shelving location Sublocation or collection (holding branch) Damaged status Koha date last borrowed Date acquired Price effective from Copy number Koha item type Not for loan Piece designation (barcode) Koha issues (times borrowed) Lost status Koha full call number Location (home branch) Koha date last seen Koha normalized classification for sorting Source of classification or shelving scheme
 Circulation sectionCentral Library, BUET  2014-11-052014-11-051General Book 72739  660.2842/MCC/1985Central Library, BUET2016-10-23660_000000000000000_2842MCC198 
 Circulation sectionCentral Library, BUET  2014-11-052014-11-052General Book 77549  660.2842/MCC/1985Central Library, BUET2014-11-05660_000000000000000_2842MCC198 
 Circulation sectionCentral Library, BUET 2018-11-142014-11-052014-11-053General Book 775502 660.2842/MCC/1985Central Library, BUET2018-12-04660_000000000000000_2842MCC198 
 Reading sectionCentral Library, BUET  2015-07-012015-07-014Reading Item 68731  660.2842/MCC/1985Central Library, BUET2015-07-01660_284200000000000_MCC_1985 
 Rental sectionCentral Library, BUET  1989-06-272024-11-25৪/ক-১Rental Item 73910  660.2842 MCC/1985Central Library, BUET2024-11-25660_284200000000000_MCC_1985 
 Rental sectionCentral Library, BUET  1989-06-272024-11-25৪/ক-২Rental Item 73911  660.2842 MCC/1985Central Library, BUET2024-11-25660_284200000000000_MCC_1985 
 Rental sectionCentral Library, BUET  1989-06-272024-11-25৪/ক-৩Rental Item 73912  660.2842 MCC/1985Central Library, BUET2024-11-25660_284200000000000_MCC_1985 
 Rental sectionCentral Library, BUET  1989-06-272024-11-25৪/ক-৪Rental Item 73913  660.2842 MCC/1985Central Library, BUET2024-11-25660_284200000000000_MCC_1985 
 Rental sectionCentral Library, BUET  1989-06-272024-11-25৪/ক-৫Rental Item 73914  660.2842 MCC/1985Central Library, BUET2024-11-25660_284200000000000_MCC_1985 
 Rental sectionCentral Library, BUET  1989-06-272024-11-25৪/ক-৬Rental Item 73915  660.2842 MCC/1985Central Library, BUET2024-11-25660_284200000000000_MCC_1985 
 Rental sectionCentral Library, BUET  1989-06-272024-11-25৪/ক-৭Rental Item 73916  660.2842 MCC/1985Central Library, BUET2024-11-25660_284200000000000_MCC_1985 
 Rental sectionCentral Library, BUET  1989-06-272024-11-25৪/ক-৮Rental Item 73917  660.2842 MCC/1985Central Library, BUET2024-11-25660_284200000000000_MCC_1985 
 Rental sectionCentral Library, BUET  1989-06-272024-11-25৪/ক-৯Rental Item 73918  660.2842 MCC/1985Central Library, BUET2024-11-25660_284200000000000_MCC_1985 
 Rental sectionCentral Library, BUET  1989-06-272024-11-25৪/ক-১০Rental Item 73919  660.2842 MCC/1985Central Library, BUET2024-11-25660_284200000000000_MCC_1985 
 Rental sectionCentral Library, BUET  1989-06-272024-11-25৪/ক-২৫Rental Item 73934  660.2842 MCC/1985Central Library, BUET2024-11-25660_284200000000000_MCC_1985 
 Rental sectionCentral Library, BUET  1989-06-272024-11-25৪/ক-২৬Rental Item 73935  660.2842 MCC/1985Central Library, BUET2024-11-25660_284200000000000_MCC_1985